01117cam a2200337 a 450000100090000000300040000900500170001300800410003001000170007102000150008804000130010304200090011605000210012510000220014624501260016826000340029430000330032852001640036152100070052552600080053256200060054065000250054665000220057165000220059365000220061570000250063770000290066270000250069173000340071683000290075013352147OSt20140310184419.0030925s2003 nyua b 000 1 eng  a 2003277850 a0439418151 aDLCcDLC alcac00aPZ 7b.B772 20031 aJennings, Sharon.10aFranklin stays up /c[story written by Sharon Jennings ; illustrated by Sean Jeffrey, Shelley Southern and Jelena Sisic]. aNew York :bScholastic,c2003 a32 p. :bcol. ill. ;c23 cm. aFranklin wants to stay up all night, so he invites his friends to an overnight in a his backyard, but they find that staying awake is harder than they thought. aG1 c130 e1 1aSleepoversvFiction. 1aCampingvFiction. 1aTurtlesvFiction. 1aAnimalsvFiction.1 aJeffrey, Sean,eill.1 aSouthern, Shelley,eill.1 aSisic, Jelena,eill.0 aFranklin (Television program) 0aKids can read (New York)